000 00293nam a22001337a 4500
008 170815b xxu||||| |||| 00| 0 eng d
020 _a0883850869
041 _aeng
080 _a51
100 _a36
101 _aMAT
245 _aPROBLEMS FOR INVESTIGATION
_cJACKSON,M.B
942 _2udc
_cBK
999 _c23556
_d23556